000 00278nam a2200109Ia 4500
008 220120s9999||||xx |||||||||||||| ||und||
100 _aPylee, M.V
245 0 _aIndian constitution
260 _aS. Chand & company Ltd.
_c2005
300 _b0
650 _aDATA COMMUNICATION
_91124
999 _c136976
_d136976